000 00334 a2200157 4500
001 60322
020 _a8508099207
040 _cAnchieta - Pituba
100 _aSeriacopi, Reinaldo
240 1 0 _aHistória
_lpor
245 1 0 _aHistória
300 _a592
362 0 _a2005
650 4 _aPré-história no Brasil Geral
942 _cBK
999 _c60322
_d60322